[Event "XVII Festival A"]
[Site "Campobasso ITA"]
[Date "2010.07.25"]
[Round "6"]
[White "Campanella, Giovanni"]
[Black "Vena, Alessio"]
[Result "0-1"]
[WhiteElo "1905"]
[BlackElo "1900"]
[PlyCount "62"]
[EventDate "2010.07.23"]

1. e4 e5 2. Nf3 Nc6 3. Nc3 Bc5 4. Bb5 d6 5. O-O Nf6 6. d4 exd4 7. Nxd4 Bd7 8.
Bxc6 bxc6 9. Bg5 h6 10. Bh4 g5 11. Bg3 h5 12. e5 Nd5 13. Nxd5 cxd5 14. exd6
Bxd6 15. Bxd6 cxd6 16. Qd3 Kf8 17. Rae1 Rh6 18. Re2 Qf6 19. Rfe1 Re8 20. Rxe8+
Bxe8 21. Nf5 Rg6 22. Qxd5 Bc6 23. Qxc6 Qxf5 24. Re8+ Kg7 25. Qe4 Qc5 26. g3 Rf6
27. Qe2 h4 28. c3 h3 29. Qe3 Qd5 30. Re4 Qd1+ 31. Qe1 Qf3 0-1

[Event "XVII Festival A"]
[Site "Campobasso ITA"]
[Date "2010.07.25"]
[Round "6"]
[White "Cardone, Andrea"]
[Black "Sellitti, Luca"]
[Result "0-1"]
[WhiteElo "1890"]
[BlackElo "1956"]
[PlyCount "120"]
[EventDate "2010.07.23"]

1. d4 d5 2. c4 e6 3. Nc3 Nf6 4. Nf3 Be7 5. Bg5 O-O 6. e4 Nxe4 7. Bxe7 Qxe7 8.
Bd3 Nxc3 9. bxc3 dxc4 10. Bxc4 a6 11. O-O b5 12. Bd3 Bb7 13. Re1 Nd7 14. a3 c5
15. Be4 Bxe4 16. Rxe4 Nf6 17. Re5 cxd4 18. Nxd4 Rac8 19. Qf3 Qc7 20. Re3 Nd5
21. Rd3 Qf4 22. Ne2 Qxf3 23. Rxf3 Rc4 24. h3 Rfc8 25. Rc1 Kf8 26. Rd3 g6 27. g3
Ke7 28. Kg2 R8c5 29. f3 e5 30. Kf2 f5 31. Rcd1 Ke6 32. h4 Ra4 33. Ra1 e4 34.
fxe4 fxe4 35. Nd4+ Kf6 36. Nb3 exd3 37. Nxc5 Rc4 38. Nxd3 Rxc3 39. Nb4 Nxb4 40.
axb4 Rc6 41. Ra3 Ke5 42. Ke3 Rf6 43. Rc3 Kd6 44. Kd4 h6 45. Ke4 Rf7 46. Kd4 Rc7
47. Rb3 Rc4+ 48. Ke3 Ke5 49. Ra3 Rxb4 50. Rxa6 Rb3+ 51. Kf2 Kf5 52. Rb6 b4 53.
g4+ Kxg4 54. Rxg6+ Kh5 55. Rb6 Rb1 56. Kg2 b3 57. Kh2 b2 58. Kg2 Kxh4 59. Rxh6+
Kg4 60. Rb6 Kf4 0-1

[Event "XVII Festival A"]
[Site "Campobasso ITA"]
[Date "2010.07.25"]
[Round "6"]
[White "Cetera, Nicola"]
[Black "Lattanzio, Savino"]
[Result "1/2-1/2"]
[WhiteElo "1889"]
[BlackElo "2061"]
[PlyCount "60"]
[EventDate "2010.07.23"]

1. d4 Nf6 2. Bf4 e6 3. e3 b6 4. Nf3 Bb7 5. Be2 Be7 6. Nbd2 Nh5 7. Bg3 Nxg3 8.
hxg3 c5 9. c3 Nc6 10. Qc2 h6 11. Nh4 O-O 12. f4 Rc8 13. Qd3 cxd4 14. exd4 d6
15. Nhf3 f5 16. Qe3 Qd7 17. Bc4 Nd8 18. O-O-O b5 19. Bb3 a5 20. Rde1 Bxf3 21.
Nxf3 d5 22. Ne5 Qe8 23. Kb1 Bd6 24. Nd3 Qd7 25. Re2 Rf6 26. Rhe1 Nb7 27. Rc1 a4
28. Bd1 Na5 29. a3 Nc4 30. Qf2 Qe7 1/2-1/2

[Event "XVII Festival A"]
[Site "Campobasso ITA"]
[Date "2010.07.25"]
[Round "6"]
[White "Collutiis, Duilio"]
[Black "Gromovs, Sergejs"]
[Result "1-0"]
[WhiteElo "2438"]
[BlackElo "2365"]
[PlyCount "87"]
[EventDate "2010.07.23"]

1. e4 c5 2. Nf3 a6 3. c3 b6 4. d4 Bb7 5. Bd3 e6 6. Qe2 Be7 7. Nbd2 Nf6 8. a3
Qc7 9. e5 Nd5 10. Ne4 b5 11. dxc5 Bxc5 12. Nxc5 Qxc5 13. O-O Qc7 14. a4 b4 15.
Bd2 bxc3 16. bxc3 Nc6 17. Be4 a5 18. Bxd5 exd5 19. Nd4 O-O 20. Rfe1 Nxd4 21.
cxd4 Qc4 22. Qe3 f6 23. Rec1 Qa6 24. Rc5 fxe5 25. Rxa5 exd4 26. Qxd4 Qf6 27.
Qxf6 Rxf6 28. Rxa8+ Bxa8 29. Be3 d4 30. Bxd4 Rg6 31. g3 Rd6 32. Be3 Bf3 33. a5
Rd1+ 34. Rxd1 Bxd1 35. a6 Bf3 36. h3 h5 37. a7 Kf7 38. g4 hxg4 39. hxg4 Ke6 40.
Kh2 Ke5 41. Kg3 Bc6 42. f4+ Ke4 43. f5 d5 44. Bh6 1-0

[Event "XVII Festival A"]
[Site "Campobasso ITA"]
[Date "2010.07.25"]
[Round "6"]
[White "Consalvo, Gerardo"]
[Black "Scagliarini, Bruno"]
[Result "1/2-1/2"]
[WhiteElo "2002"]
[BlackElo "1904"]
[PlyCount "76"]
[EventDate "2010.07.23"]

1. e4 e6 2. d3 d5 3. Nd2 Nf6 4. Ngf3 c5 5. g3 Nc6 6. Bg2 Be7 7. O-O O-O 8. Re1
b5 9. e5 Nd7 10. Nf1 a5 11. h4 Ba6 12. N1h2 a4 13. a3 Rc8 14. Ng5 Ndxe5 15. Qh5
Bxg5 16. hxg5 Ng6 17. c3 Nce5 18. f4 Nxd3 19. Re3 Nxc1 20. Rxc1 d4 21. Rf3 Bb7
22. Rd3 Bxg2 23. Kxg2 Qd5+ 24. Nf3 Qe4 25. Rd2 Ne7 26. Re1 Qg6 27. Qxg6 hxg6
28. cxd4 Rfd8 29. Re5 Nd5 30. dxc5 Rxc5 31. Kf2 Kf8 32. Nd4 Rdc8 33. Kf3 Ke8
34. g4 Nb6 35. Rde2 Nc4 36. R5e4 Nd6 37. Nxe6 Nxe4 38. Nxc5 Rxc5 1/2-1/2

[Event "XVII Festival A"]
[Site "Campobasso ITA"]
[Date "2010.07.25"]
[Round "6"]
[White "Cordi', Domenico"]
[Black "Bove, Raffaele"]
[Result "1-0"]
[WhiteElo "2047"]
[BlackElo "1917"]
[PlyCount "79"]
[EventDate "2010.07.23"]

1. d4 Nf6 2. c4 e6 3. Nf3 d5 4. Nc3 Nc6 5. Bg5 Be7 6. e3 O-O 7. Rc1 a6 8. c5
Bd7 9. Bd3 b6 10. cxb6 cxb6 11. O-O b5 12. a4 b4 13. Ne2 Ne8 14. h4 h6 15. Bxe7
Qxe7 16. Bb1 f5 17. Nf4 Kh7 18. h5 Rf6 19. Ng6 Qd8 20. Nfe5 Nxe5 21. dxe5 Rf7
22. b3 a5 23. f4 Rc8 24. Qd4 Nc7 25. Qb6 Na8 26. Qxd8 Rxd8 27. Rc5 Be8 28. Rfc1
Nb6 29. Rxa5 d4 30. exd4 Rxd4 31. Ra6 Nd5 32. Ra8 Nxf4 33. Nxf4 Rxf4 34. Rxe8
Rd7 35. Rxe6 Rd2 36. Rg6 Rdf2 37. Re1 Rb2 38. e6 Rh4 39. e7 Rxb1 40. e8=Q 1-0

[Event "XVII Festival A"]
[Site "Campobasso ITA"]
[Date "2010.07.25"]
[Round "6"]
[White "D'Aquino, Ugo"]
[Black "Colucci, Stefano"]
[Result "1-0"]
[WhiteElo "1653"]
[BlackElo "1968"]
[PlyCount "21"]
[EventDate "2010.07.23"]

1. e4 e5 2. Nf3 Nc6 3. Bb5 Nf6 4. d3 Nd4 5. Bc4 Nxf3+ 6. Qxf3 d6 7. h3 c6 8.
Nc3 Be7 9. O-O Qc7 10. Be3 h6 11. Ne2 1-0

[Event "XVII Festival A"]
[Site "Campobasso ITA"]
[Date "2010.07.25"]
[Round "6"]
[White "Di Lascio, Savino"]
[Black "Bottega, Antonio"]
[Result "1-0"]
[WhiteElo "1910"]
[BlackElo "1963"]
[PlyCount "85"]
[EventDate "2010.07.23"]

1. e4 g6 2. Nf3 Bg7 3. h4 d6 4. h5 Nf6 5. h6 Bf8 6. d3 Nc6 7. c3 Bg4 8. Qa4 Bd7
9. Qb3 Qc8 10. Ng5 e6 11. Be2 Na5 12. Qa3 b6 13. f4 d5 14. b4 d4 15. Bb2 Nc6
16. Qb3 a5 17. b5 a4 18. Qc2 Na7 19. c4 c5 20. e5 Ng8 21. Bf3 Rb8 22. Qxa4 Qc7
23. Nd2 Bxh6 24. Nde4 Nc8 25. Nf6+ Nxf6 26. Rxh6 Ng8 27. Rxh7 Rxh7 28. Nxh7 f6
29. Bxd4 cxd4 30. Qb4 Qc5 31. Qxc5 bxc5 32. exf6 Kf7 33. Ng5+ Kxf6 34. Ne4+ Kf5
35. Nxc5 Nf6 36. a4 Kxf4 37. Na6 Rb6 38. a5 Rxb5 39. cxb5 Bxb5 40. Nc5 e5 41.
Kd2 g5 42. Bb7 Na7 43. Rf1+ 1-0

[Event "XVII Festival A"]
[Site "Campobasso ITA"]
[Date "2010.07.25"]
[Round "6"]
[White "Distaso, Antonio"]
[Black "Altini, Nicola"]
[Result "0-1"]
[WhiteElo "1974"]
[BlackElo "2120"]
[PlyCount "126"]
[EventDate "2010.07.23"]

1. e4 c5 2. c3 Nf6 3. e5 Nd5 4. d4 cxd4 5. Nf3 Nc6 6. cxd4 e6 7. Nc3 d6 8. Bg5
Nxc3 9. bxc3 Qa5 10. Qb3 dxe5 11. dxe5 Nxe5 12. Bb5+ Bd7 13. Bxd7+ Nxd7 14. O-O
Qb6 15. Qa4 Qc6 16. Qg4 Bc5 17. Rad1 f5 18. Qh5+ g6 19. Qh6 Bf8 20. Qh4 Bg7 21.
Qb4 Bf8 22. Qd4 Rg8 23. Qd2 Bg7 24. Nd4 Bxd4 25. cxd4 Nb6 26. Rc1 Qd7 27. Rfe1
Kf7 28. Qf4 Nd5 29. Qe5 Rac8 30. Rb1 Rc6 31. Rb3 Qc7 32. Qe2 b6 33. g3 Re8 34.
Qf3 Qd7 35. Re5 Rec8 36. Rb1 Rc3 37. Qg2 Rc2 38. Qh3 Kg8 39. Rbe1 R8c6 40. a3
Nc3 41. Qh4 Ne4 42. Be3 Nd2 43. Qf4 Nc4 44. Rb5 Nxa3 45. Rb3 Nc4 46. Rd3 Nb2
47. Rd2 Rxd2 48. Bxd2 Nd3 49. Qe3 Nxe1 50. Bxe1 Rc4 51. Qe5 Rxd4 52. h4 Qd6 53.
Qb5 Qd7 54. Qe5 Rd5 55. Qb8+ Qd8 56. Qf4 Rd1 57. Qe3 Kf7 58. Kh2 Qd3 59. Qe5
Qd6 60. Qe2 Qd5 61. h5 g5 62. g4 fxg4 63. h6 Qf3 0-1

[Event "XVII Festival A"]
[Site "Campobasso ITA"]
[Date "2010.07.25"]
[Round "6"]
[White "Gatti, Francesco"]
[Black "Giacchetti, Lorenzo"]
[Result "1/2-1/2"]
[WhiteElo "1823"]
[BlackElo "1843"]
[PlyCount "71"]
[EventDate "2010.07.23"]

1. e4 c5 2. Nf3 Nc6 3. d4 cxd4 4. Nxd4 Nf6 5. Nc3 e5 6. Ndb5 d6 7. Bg5 a6 8.
Na3 b5 9. Bxf6 gxf6 10. Nd5 Bg7 11. c3 Ne7 12. Nc2 f5 13. Bd3 Nxd5 14. exd5 Qg5
15. O-O e4 16. Re1 Be5 17. Bf1 Rg8 18. g3 h5 19. Kh1 h4 20. Qe2 hxg3 21. fxg3
f4 22. Qxe4 Bf5 23. Qg2 fxg3 24. Nd4 Rh8 25. Nf3 Qf4 26. Kg1 gxh2+ 27. Kh1
O-O-O 28. Qf2 Be4 29. Bg2 Rdg8 30. Rxe4 Qxe4 31. Re1 Qg4 32. Nxe5 dxe5 33. Qc5+
Kb7 34. Qc6+ Ka7 35. Qc7+ Ka8 36. Qc6+ 1/2-1/2

[Event "XVII Festival A"]
[Site "Campobasso ITA"]
[Date "2010.07.25"]
[Round "6"]
[White "Georgiev, Vladimir"]
[Black "Stromboli, Ettore"]
[Result "1-0"]
[WhiteElo "2586"]
[BlackElo "2259"]
[PlyCount "63"]
[EventDate "2010.07.23"]

1. d4 d6 2. e4 g6 3. Nf3 Bg7 4. Bc4 Nf6 5. Qe2 O-O 6. e5 dxe5 7. dxe5 Nd5 8. h3
Nc6 9. O-O Nb6 10. Bb3 Nd4 11. Nxd4 Qxd4 12. Re1 Be6 13. Nd2 Bxb3 14. axb3 a6
15. Nf3 Qd7 16. Qe4 Qd5 17. Qh4 Rfe8 18. Bg5 Qc5 19. c3 Nd5 20. b4 Qb6 21. Rad1
Qc6 22. Bh6 Rad8 23. c4 Nb6 24. Rxd8 Rxd8 25. b3 Qe8 26. Ng5 Qf8 27. Bxg7 Qxg7
28. e6 f6 29. Nf7 Rf8 30. Qf4 Re8 31. Rd1 g5 32. Qf3 1-0

[Event "XVII Festival A"]
[Site "Campobasso ITA"]
[Date "2010.07.25"]
[Round "6"]
[White "Grasso, Nino"]
[Black "Galasso, Luigi"]
[Result "0-1"]
[WhiteElo "1942"]
[BlackElo "2024"]
[PlyCount "74"]
[EventDate "2010.07.23"]

1. e4 Nf6 2. e5 Nd5 3. c4 Nb6 4. d4 d6 5. exd6 exd6 6. Nc3 Nc6 7. Be3 Be7 8.
Rc1 O-O 9. Nf3 Bg4 10. b3 Bf6 11. Be2 d5 12. c5 Nc8 13. a3 N8e7 14. h3 Be6 15.
O-O Nf5 16. Qd2 Nxe3 17. fxe3 Re8 18. Bd3 g6 19. Qf2 Bg7 20. h4 h6 21. Ne2 Qd7
22. Ng3 Bg4 23. Rce1 Re7 24. Bb5 Rae8 25. Kh2 a6 26. Ba4 Bxf3 27. gxf3 h5 28.
Re2 Bf6 29. Kg2 Bxh4 30. Nxh5 Bxf2 31. Nf6+ Kg7 32. Nxd7 Bxe3 33. Rfe1 Nxd4 34.
Nf6 Kxf6 35. Bxe8 Nxe2 36. Ba4 Nc3 37. c6 b5 0-1

[Event "XVII Festival A"]
[Site "Campobasso ITA"]
[Date "2010.07.25"]
[Round "6"]
[White "Ljubisavljevic, Zivojin Z."]
[Black "Fezza, Davide"]
[Result "0-1"]
[WhiteElo "2271"]
[BlackElo "2070"]
[PlyCount "78"]
[EventDate "2010.07.23"]

1. d4 Nf6 2. c3 g6 3. Bg5 Ne4 4. h4 d5 5. Nd2 Nxg5 6. hxg5 e5 7. dxe5 Qxg5 8.
Ndf3 Qd8 9. e4 c6 10. exd5 cxd5 11. Nd4 Nc6 12. Bb5 Bd7 13. f4 a6 14. Ba4 Qb6
15. Nge2 O-O-O 16. Bxc6 bxc6 17. b4 c5 18. bxc5 Bxc5 19. Rb1 Qc7 20. Qb3 Bc6
21. Nxc6 Qxc6 22. Nd4 Bxd4 23. cxd4 Kd7 24. Qb7+ Qxb7 25. Rxb7+ Ke6 26. Kd2 Rd7
27. Rb6+ Kf5 28. Ke3 Kg4 29. Rc1 h5 30. a4 h4 31. Rf6 h3 32. gxh3+ Rxh3+ 33.
Kf2 Rb7 34. Rg1+ Kh4 35. e6 Rh2+ 36. Rg2 Rb2+ 37. Kf1 Rhxg2 38. exf7 Rgf2+ 39.
Kg1 Rfc2 0-1

[Event "XVII Festival A"]
[Site "Campobasso ITA"]
[Date "2010.07.25"]
[Round "6"]
[White "Mazzarella, Antonio"]
[Black "Zherebukh, Yaroslav"]
[Result "0-1"]
[WhiteElo "2018"]
[BlackElo "2572"]
[PlyCount "94"]
[EventDate "2010.07.23"]

1. d4 Nf6 2. Nf3 e6 3. e3 c5 4. Bd3 Nc6 5. c3 d5 6. Nbd2 Bd6 7. O-O Bd7 8. Qe2
Qc7 9. dxc5 Bxc5 10. e4 O-O-O 11. exd5 exd5 12. Nb3 Rhe8 13. Qc2 Bb6 14. Bg5
Ne5 15. Nbd4 Qd6 16. Bf5 g6 17. Bxd7+ Nexd7 18. c4 Kb8 19. Bh4 Ka8 20. Bg3 Qb4
21. b3 Ne4 22. a3 Qc5 23. cxd5 Qxd5 24. Rad1 Rc8 25. Qb2 Nc3 26. Rd2 Nf6 27.
Ne2 Nxe2+ 28. Rxe2 Rxe2 29. Qxe2 Qxb3 30. Qe7 Bd8 31. Qd6 Ne4 32. Qd7 Qe6 33.
Qxe6 fxe6 34. Re1 Ba5 35. Rd1 Bb6 36. Re1 Rc4 37. Kf1 a5 38. Ne5 Nxg3+ 39. hxg3
Rc2 40. Nd3 Rc3 41. Rxe6 Ka7 42. Ke2 Rxa3 43. Re7 Ra2+ 44. Kf3 Rd2 45. Rd7 a4
46. Ke4 a3 47. Rxh7 Rd1 0-1

[Event "XVII Festival A"]
[Site "Campobasso ITA"]
[Date "2010.07.25"]
[Round "6"]
[White "Mrdja, Milan"]
[Black "Sengupta, Deep"]
[Result "1/2-1/2"]
[WhiteElo "2372"]
[BlackElo "2527"]
[PlyCount "83"]
[EventDate "2010.07.23"]

1. e4 e6 2. d4 d5 3. Nc3 Bb4 4. e5 Ne7 5. Bd2 b6 6. Nce2 Bxd2+ 7. Qxd2 c5 8. c3
Ba6 9. Ng3 Bxf1 10. Nxf1 Nbc6 11. f4 cxd4 12. cxd4 Nf5 13. Nf3 Nh4 14. Nxh4
Qxh4+ 15. Ng3 O-O 16. O-O f6 17. Rac1 Rac8 18. exf6 Qxf6 19. Ne2 Ne7 20. Rxc8
Rxc8 21. Rc1 Qf5 22. h3 Rxc1+ 23. Qxc1 Kf7 24. Kf2 h6 25. Qc7 Qb1 26. Qxa7 Qxb2
27. a4 Qb4 28. Qd7 Qa5 29. Ng1 Qd2+ 30. Ne2 Qc2 31. Qa7 Qc6 32. a5 bxa5 33.
Qxa5 Nf5 34. Qa7+ Kg6 35. Qc5 Qa6 36. Qc2 Kf7 37. Qc7+ Kg8 38. Qe5 Kh7 39. Kg1
h5 40. Kh2 h4 41. Ng1 Qb6 42. Nf3 1/2-1/2

[Event "XVII Festival A"]
[Site "Campobasso ITA"]
[Date "2010.07.25"]
[Round "6"]
[White "Paduano, Gennaro"]
[Black "Mazza, Daniele"]
[Result "0-1"]
[WhiteElo "1934"]
[BlackElo "1836"]
[PlyCount "88"]
[EventDate "2010.07.23"]

1. e4 c5 2. c3 d6 3. d4 cxd4 4. cxd4 Nf6 5. Nc3 Nc6 6. Nf3 e6 7. Bd3 Be7 8. Be3
a6 9. h3 b5 10. O-O O-O 11. Rc1 Bb7 12. Bb1 e5 13. Qd2 Nd7 14. Nd5 Nxd4 15.
Nxe7+ Qxe7 16. Nxd4 exd4 17. Bxd4 Ne5 18. Rc3 Rac8 19. Rg3 f6 20. b3 Rc7 21.
Rd1 Rfc8 22. Bc3 Nf7 23. Bb4 Qe5 24. a4 bxa4 25. bxa4 Rd7 26. f4 Qe8 27. Qe2 d5
28. Qg4 Nh6 29. Qe2 dxe4 30. Ba2+ Kh8 31. Rxd7 Qxd7 32. Bb3 Qd4+ 33. Kh2 Qxb4
34. Be6 Rd8 35. Qc2 Qe7 36. f5 Bd5 37. Bxd5 Rxd5 38. Qc8+ Rd8 39. Qxa6 e3 40.
Qe2 Nxf5 41. Rf3 Qd6+ 42. Kg1 Qd1+ 43. Qxd1 Rxd1+ 44. Rf1 e2 0-1

[Event "XVII Festival A"]
[Site "Campobasso ITA"]
[Date "2010.07.25"]
[Round "6"]
[White "Procacci, Sergio"]
[Black "Sellitti, Federico"]
[Result "1/2-1/2"]
[WhiteElo "2043"]
[BlackElo "2141"]
[PlyCount "24"]
[EventDate "2010.07.23"]

1. f4 c5 2. e3 Nc6 3. Nf3 d5 4. b3 Nf6 5. Bb2 e6 6. Bd3 Be7 7. O-O b6 8. Ne5
Bb7 9. Bb5 Qc7 10. d3 a6 11. Bxc6+ Bxc6 12. Nxc6 Qxc6 1/2-1/2

[Event "XVII Festival A"]
[Site "Campobasso ITA"]
[Date "2010.07.25"]
[Round "6"]
[White "Rusev, Krasimir"]
[Black "Stromboli, Carlo"]
[Result "1-0"]
[WhiteElo "2543"]
[BlackElo "2285"]
[PlyCount "101"]
[EventDate "2010.07.23"]

1. d4 Nf6 2. c4 e6 3. Nf3 d5 4. Nc3 Nbd7 5. Bg5 c6 6. e3 Bd6 7. Qc2 h6 8. Bh4
Qe7 9. cxd5 exd5 10. Bd3 g5 11. Bg3 Nf8 12. Bxd6 Qxd6 13. O-O N8d7 14. Ne2 Nh5
15. Rab1 O-O 16. b4 Ng7 17. Ng3 a5 18. b5 c5 19. dxc5 Nxc5 20. Nd4 b6 21. Rbd1
Nxd3 22. Qxd3 Bb7 23. Rd2 Rac8 24. Ngf5 Qf6 25. Nxg7 Kxg7 26. h3 Rc7 27. f4 Bc8
28. fxg5 Qxg5 29. Rf3 Kh8 30. Nc6 Qg7 31. Rdf2 Be6 32. Kh1 Rg8 33. Qd2 Rgc8 34.
Rf6 Qg5 35. Qd4 Kh7 36. R6f3 Rxc6 37. bxc6 Rxc6 38. Kh2 Qg7 39. Qd3+ Qg6 40.
Qd4 Qg7 41. Rf6 Rc4 42. Qxb6 Re4 43. Qa7 Kg8 44. R2f3 Kf8 45. Qxa5 Ke7 46. Qc7+
Ke8 47. a4 Qg5 48. a5 Rc4 49. Qd6 Qg7 50. Rxe6+ fxe6 51. Qxe6+ 1-0

[Event "XVII Festival A"]
[Site "Campobasso ITA"]
[Date "2010.07.25"]
[Round "6"]
[White "Sabia, Corrado"]
[Black "Ficco, Corrado"]
[Result "1-0"]
[WhiteElo "2212"]
[BlackElo "2136"]
[PlyCount "91"]
[EventDate "2010.07.23"]

1. c4 f5 2. g3 Nf6 3. Bg2 g6 4. Nc3 Bg7 5. d3 O-O 6. e4 d6 7. Nge2 c6 8. O-O e5
9. h3 Be6 10. exf5 gxf5 11. f4 Qb6+ 12. Kh2 Nbd7 13. Na4 Qc7 14. Be3 Rae8 15.
Rc1 Bf7 16. Qd2 d5 17. d4 e4 18. c5 Bh5 19. Nec3 Kh8 20. b4 a6 21. Nb2 Rg8 22.
Rg1 Re7 23. a4 Rge8 24. Nbd1 Bh6 25. Nf2 Bf3 26. b5 axb5 27. axb5 Bxg2 28. Kxg2
Ra8 29. Ra1 Ree8 30. b6 Qd8 31. Ne2 Qe7 32. Ra7 Rab8 33. Rga1 Rg8 34. Rg1 Nf8
35. Kf1 Ne6 36. g4 fxg4 37. hxg4 Nd7 38. g5 Bf8 39. f5 Nd8 40. Rh1 Rg7 41. Ng3
Kg8 42. f6 Nxf6 43. Nf5 Qd7 44. Nxg7 Bxg7 45. gxf6 Bxf6 46. Qe2 1-0

[Event "XVII Festival A"]
[Site "Campobasso ITA"]
[Date "2010.07.25"]
[Round "6"]
[White "Santeramo, Domenico"]
[Black "Aliberti, Emilio"]
[Result "1-0"]
[WhiteElo "1905"]
[BlackElo "1847"]
[PlyCount "103"]
[EventDate "2010.07.23"]

1. e4 c6 2. d4 d5 3. Nc3 dxe4 4. Nxe4 Nd7 5. Qe2 Ndf6 6. Nxf6+ Nxf6 7. Nf3 Bg4
8. c3 e6 9. g3 Bd6 10. Bg2 O-O 11. O-O Qc7 12. Re1 Rac8 13. Bg5 Nd7 14. h3 Bh5
15. g4 Bg6 16. Ne5 Rfe8 17. Bf4 Nf8 18. h4 f6 19. Nxg6 Nxg6 20. Bxd6 Qxd6 21.
h5 Nf4 22. Qc4 Kh8 23. Rad1 Rcd8 24. Qf1 g5 25. Be4 Kg7 26. a3 Rf8 27. Bf3 h6
28. Qc4 Rf7 29. b4 Rfd7 30. Re4 a6 31. Ree1 Qf8 32. Qf1 Qf7 33. a4 Re7 34. Re3
Rde8 35. b5 axb5 36. axb5 cxb5 37. Qxb5 e5 38. dxe5 fxe5 39. Rde1 Qf6 40. Be4
b6 41. Rb1 Nh3+ 42. Rxh3 Qf4 43. Qe2 Rd8 44. Re3 Red7 45. Qf3 Rd2 46. Qxf4 gxf4
47. Ree1 R8d6 48. c4 Kf6 49. Rb5 Kg5 50. Bf3 Ra2 51. Rbxe5+ Kh4 52. Kg2 1-0

[Event "XVI Festival Leonardo di Bona B"]
[Site "Cutro ITA"]
[Date "2010.04.29"]
[Round "4"]
[White "Battistelli, Alessandro"]
[Black "Grano, Giuseppe"]
[Result "1-0"]
[WhiteElo "1930"]
[BlackElo "1715"]
[PlyCount "91"]
[EventDate "2010.04.24"]

1. d4 d5 2. c4 Nf6 3. Nc3 e6 4. Nf3 Be7 5. Bf4 O-O 6. e3 c6 7. Qc2 Bd6 8. Bg5
Nbd7 9. Bd3 dxc4 10. Bxc4 Qc7 11. e4 Bb4 12. O-O Bxc3 13. bxc3 h6 14. Bh4 b5
15. Be2 Re8 16. a4 Bb7 17. axb5 cxb5 18. Bxf6 Nxf6 19. e5 Nd7 20. Nd2 a6 21. f4
Nb6 22. f5 Nd5 23. fxe6 Rxe6 24. Ne4 Ne3 25. Qd3 Nxf1 26. Rxf1 Bxe4 27. Qxe4
Rf8 28. Bd3 g6 29. Re1 Rfe8 30. Rc1 Qb6 31. Kh1 a5 32. c4 bxc4 33. Bxc4 Qc7 34.
Rc2 Qb6 35. Rc1 R6e7 36. Rb1 Qc7 37. Qxg6+ Kf8 38. Qxh6+ Kg8 39. Bd3 Re6 40.
Qh7+ Kf8 41. Rf1 Rc6 42. Bb5 Rc1 43. Qh6+ Ke7 44. Rxc1 Qb7 45. Qf6+ Kf8 46.
Qh8+ 1-0

[Event "XVI Festival Leonardo di Bona B"]
[Site "Cutro ITA"]
[Date "2010.04.29"]
[Round "4"]
[White "Catapano, Francesco"]
[Black "Manfredi, Candido"]
[Result "1-0"]
[WhiteElo "1736"]
[BlackElo "1704"]
[PlyCount "89"]
[EventDate "2010.04.24"]

1. Nf3 Nf6 2. g3 g6 3. Bg2 Bg7 4. O-O O-O 5. d3 d6 6. c4 e5 7. Nc3 Nc6 8. Rb1
Bd7 9. b4 Rb8 10. a3 Qc8 11. Re1 a6 12. Be3 Bh3 13. Bh1 Ng4 14. Nd5 Nxe3 15.
Nxe3 Ne7 16. Ng5 Bd7 17. Ne4 Be6 18. b5 axb5 19. cxb5 Bd7 20. a4 f5 21. Nc3 c6
22. Qd2 d5 23. Nc2 e4 24. d4 Qc7 25. f4 exf3 26. exf3 Rbe8 27. Re2 Qd6 28. Rbe1
c5 29. Kf1 f4 30. g4 c4 31. b6 Nc6 32. Nb5 Qf6 33. Nc7 Rxe2 34. Rxe2 Nxd4 35.
Nxd5 Qd6 36. Ne7+ Kh8 37. Nxd4 Qxd4 38. Qxd4 Bxd4 39. Rd2 Rf7 40. Rxd4 Rxe7 41.
Rxc4 g5 42. Rc7 Rg7 43. Rxb7 Bxa4 44. Rb8+ Rg8 45. Rxg8+ 1-0

[Event "XVI Festival Leonardo di Bona B"]
[Site "Cutro ITA"]
[Date "2010.04.29"]
[Round "4"]
[White "D'Elia, Mario Domenico"]
[Black "Gualtieri, Domenico"]
[Result "1-0"]
[WhiteElo "1416"]
[BlackElo "1377"]
[PlyCount "59"]
[EventDate "2010.04.24"]

1. f4 d6 2. Nf3 Nf6 3. e3 Nc6 4. b3 e5 5. fxe5 dxe5 6. Bb2 Bd6 7. Bb5 Bd7 8.
O-O O-O 9. Bxc6 Bxc6 10. Nxe5 Bd5 11. Ng4 Nxg4 12. Qxg4 g6 13. Qd4 f6 14. Qxd5+
Rf7 15. Bxf6 Bxh2+ 16. Kxh2 Qxd5 17. e4 Qd6+ 18. e5 Qe6 19. Nc3 Rd7 20. Ne4 Rd4
21. d3 Rf8 22. Kg1 Qg4 23. Rae1 h5 24. e6 Qxe6 25. Bxd4 Rxf1+ 26. Rxf1 Qg4 27.
Nf6+ Kg7 28. Nxg4+ Kh7 29. Rf7+ Kg8 30. Nh6# 1-0

[Event "XVI Festival Leonardo di Bona B"]
[Site "Cutro ITA"]
[Date "2010.04.29"]
[Round "4"]
[White "Panarello, Giuseppe"]
[Black "Mano, Vincenzo"]
[Result "0-1"]
[WhiteElo "1911"]
[BlackElo "1895"]
[PlyCount "100"]
[EventDate "2010.04.24"]

1. d4 d5 2. Nf3 Nf6 3. Bf4 e6 4. e3 Bd6 5. Bg3 a6 6. Bd3 Nbd7 7. Nbd2 Qe7 8.
Ne5 c5 9. c3 h6 10. f4 Bc7 11. O-O Bb6 12. Bh4 Qd6 13. Kh1 Bd8 14. Bg3 Nf8 15.
Qf3 N8h7 16. h4 Qb6 17. Rab1 Be7 18. Bf2 Bd7 19. f5 Qd8 20. g4 Bd6 21. Bg3 Qc7
22. Kg2 Rf8 23. Bf4 exf5 24. g5 Ne4 25. Rbd1 hxg5 26. hxg5 Nhxg5 27. Qh5 Ne6
28. Qxf5 Nxf4+ 29. Qxf4 f6 30. Bxe4 dxe4 31. Qxe4 fxe5 32. Qg6+ Kd8 33. Rxf8+
Bxf8 34. Nc4 exd4 35. cxd4 Qc6+ 36. Qxc6 Bxc6+ 37. d5 Bd7 38. e4 b5 39. Ne5 Kc7
40. Ng6 c4 41. e5 Bf5 42. Nf4 g5 43. d6+ Kd7 44. Nh5 Bd3 45. Re1 Ke6 46. Kf3
Bh6 47. Nf6 Bf5 48. Ne4 Bxe4+ 49. Kxe4 Bg7 50. Kd4 Rd8 0-1

[Event "XVI Festival Leonardo di Bona B"]
[Site "Cutro ITA"]
[Date "2010.04.29"]
[Round "4"]
[White "Scerra, Ezio"]
[Black "Paragliola, Gennaro"]
[Result "1-0"]
[WhiteElo "1320"]
[BlackElo "1600"]
[PlyCount "127"]
[EventDate "2010.04.24"]

1. c4 e5 2. Nc3 g6 3. g3 Bg7 4. Bg2 c6 5. Nf3 f5 6. d3 d5 7. cxd5 cxd5 8. Bg5
Qa5 9. O-O d4 10. Qa4+ Qxa4 11. Nxa4 Nd7 12. Rac1 Ne7 13. Nc5 Nxc5 14. Rxc5 Nc6
15. Nd2 Bd7 16. a3 h6 17. b4 hxg5 18. Nc4 Ke7 19. b5 Nd8 20. Nxe5 Bxe5 21.
Rxe5+ Kf6 22. Rc5 Ne6 23. Rc4 Rab8 24. a4 b6 25. f3 f4 26. g4 Nc5 27. Rxd4 Ke5
28. Rc4 Kd5 29. Rfc1 Rh7 30. d4 Nb3 31. R1c3 Nxd4 32. Bf1 Be6 33. e4+ fxe3 34.
Rxe3 Rf8 35. Rcc3 Rc8 36. Rcd3 Rc1 37. Rxd4+ Kxd4 38. Rxe6 Rh3 39. Kg2 Rh6 40.
Re7 Rc2+ 41. Be2 Ra2 42. Re4+ Kc3 43. h3 Rh7 44. Kg3 Ra1 45. Re5 Re1 46. Kf2
Rh1 47. Bf1 Rh2+ 48. Kg3 Ra2 49. Rxg5 Rg7 50. h4 Rxa4 51. h5 Rd4 52. Rxg6 Rxg6
53. hxg6 Rd6 54. f4 Rxg6 55. f5 Rf6 56. Kf4 Kd4 57. g5 Rf8 58. f6 Kd5 59. Kf5
Kd6 60. g6 Re8 61. g7 Re5+ 62. Kg6 Re8 63. f7 Re6+ 64. Kh7 1-0

[Event "XVI Festival Leonardo di Bona B"]
[Site "Cutro ITA"]
[Date "2010.04.29"]
[Round "4"]
[White "Virelli, Salvatore"]
[Black "Policastrese, Salvatore"]
[Result "1/2-1/2"]
[WhiteElo "1476"]
[BlackElo "1452"]
[PlyCount "27"]
[EventDate "2010.04.24"]

1. e4 e5 2. Nf3 Nc6 3. Bc4 Nf6 4. Ng5 d5 5. exd5 Nxd5 6. Qf3 Qxg5 7. Bxd5 Qg6
8. Bxc6+ bxc6 9. O-O Qxc2 10. Re1 Bd6 11. Nc3 Bb7 12. d3 c5 13. Qxb7 Kd7 14.
Qf3 1/2-1/2

[Event "XVI Festival Leonardo di Bona B"]
[Site "Cutro ITA"]
[Date "2010.04.30"]
[Round "5"]
[White "Catapano, Francesco"]
[Black "Scerra, Ezio"]
[Result "1-0"]
[WhiteElo "1736"]
[BlackElo "1320"]
[PlyCount "60"]
[EventDate "2010.04.24"]

1. Nf3 Nf6 2. g3 c6 3. Bg2 e6 4. O-O d5 5. d3 Bd6 6. Nbd2 O-O 7. e4 Nbd7 8. Re1
e5 9. exd5 cxd5 10. c4 Qb6 11. Qe2 Re8 12. cxd5 Nxd5 13. Nc4 Qc7 14. Nxd6 Qxd6
15. d4 e4 16. Ng5 N7f6 17. Qc4 h6 18. Nxe4 Nxe4 19. Rxe4 Rxe4 20. Bxe4 Nf6 21.
Bf4 Be6 22. Qd3 Qd7 23. Bf3 Rd8 24. Rd1 Nd5 25. Be3 Nc3 26. bxc3 b6 27. d5 Bf5
28. c4 Bg6 29. Qd4 f6 30. Rc1 Be8 1-0